Historia de las doctrinas de la población
Zapisane w:
| 1. autor: | |
|---|---|
| Format: | Książka |
| Język: | hiszpański |
| Wydane: |
Santiago
Centro Latinoamericano de Demografía
1972
|
| Wydanie: | 2a. ed |
| Hasła przedmiotowe: | |
| Etykiety: |
Dodaj etykietę
Nie ma etykietki, Dołącz pierwszą etykiete!
|
MARC
| LEADER | 00000nam a2200000 a 4500 | ||
|---|---|---|---|
| 001 | UCU2610 | ||
| 003 | CL-VaPUC | ||
| 008 | 960426e19720000CL |||||||||||||||||spa|d | ||
| 082 | 0 | 4 | |a 304.6 |b GON |2 21 |
| 100 | 0 | |a Gonnard, René |e author |9 358910 | |
| 245 | 1 | 0 | |a Historia de las doctrinas de la población |
| 250 | |a 2a. ed | ||
| 300 | |a 286 p | ||
| 942 | |c BK | ||
| 945 | |d 19960426 00:00:00 |a paguirre | ||
| 260 | |a Santiago |b Centro Latinoamericano de Demografía |c 1972 | ||
| 650 | 0 | |a Demografía |9 260008 | |
| 650 | 0 | |a Población |9 257577 | |
| 650 | 7 | |a DEMOGRAFIA HISTORICA |2 CL-VaPUC |9 322344 | |
| 650 | 7 | |a ESTUDIOS DE LA POBLACION |2 CL-VaPUC |9 358911 | |
| 651 | 0 | |a Italia |9 254949 | |
| 651 | 0 | |a Francia |9 255157 | |
| 651 | 0 | |a España |9 254926 | |
| 651 | 0 | |a Alemania |9 255688 | |
| 583 | |a last modification |c 20170808 03:59:01 |k Rodrigo Vera | ||
| 999 | |c 246859 |d 246857 | ||
| 952 | |0 0 |1 0 |4 0 |6 304_600000000000000_GON_1972 |7 0 |8 A |9 262184 |a BIBING |b BIBING |d 2019-11-19 |i 2018446 |o 304.6 GON 1972 |p 2018446 |r 2025-01-20 |w 2019-11-19 |y BK |k GEO | ||
| 952 | |0 0 |1 0 |4 0 |6 304_600000000000000_GON_1972 |7 0 |8 X |9 262185 |a FDOBUD |b FDOBUD |d 2019-11-19 |i 4672798 |o 304.6 GON 1972 |p 4672798 |r 2019-11-19 |w 2019-11-19 |y BK_X |k BUD | ||